|
|
|
|
| LEADER |
00000nam a2200000 i 4500 |
| 001 |
publ1889 |
| 005 |
20230918103615.0 |
| 008 |
220712s2022 hu ot 000 zxx d |
| 024 |
|
|
|a 10.29180/978-615-6342-29-4
|2 doi
|
| 040 |
|
|
|a BGE Publikációtár Repozitórium
|b hun
|
| 100 |
1 |
|
|a Csákné Filep Judit
|
| 245 |
1 |
0 |
|a Entrepreneurial Environment and Attitudes In Hungary
|c Csákné Filep Judit
|h [elektronikus dokumentum]
|
| 260 |
|
|
|a Budapesti Gazdasági Egyetem
|b Budapest, Magyarország
|c 2022
|
| 300 |
|
|
|a 68
|
| 561 |
3 |
|
|
| 650 |
|
4 |
|a gazdálkodás- és szervezéstudományok
|
| 695 |
|
|
|a GEM
|
| 695 |
|
|
|a 2021-2022
|
| 700 |
1 |
|
|a Gosztonyi Márton
|e aut
|
| 700 |
1 |
|
|a Radácsi László
|e aut
|
| 700 |
1 |
|
|a Szennay Áron
|e aut
|
| 700 |
1 |
|
|a Tímár Gigi
|e aut
|
| 856 |
4 |
0 |
|u https://publikaciotar.uni-bge.hu/id/eprint/1889/1/GEM-BGE_ENG_final.pdf
|z Dokumentum-elérés
|